| 000 | 01329cgm a2200349 4500 | ||
|---|---|---|---|
| 001 | E86843 | ||
| 008 | 090401t1997 xxu||||| |||| 00| 0 eng d | ||
| 035 | _a(Sirsi) u81240 | ||
| 041 | _aeng | ||
| 050 | _a344.410465 | ||
| 100 | _aStrotton, C. | ||
| 245 | _aCDM update: Construction (Design and Management Regulations. Sound recording | ||
| 260 |
_aLondon _bRICS _c1997 |
||
| 300 | _a1 sound recording (60min.) | ||
| 350 | _a14.1 | ||
| 490 | _aOwlion Audio Programme | ||
| 520 | _aThe Construction (Design and Management) Regulations came into force in April 1995 and now in the light of experience this programme reviews the objectives, legal implications and responsibilities as they affect the client, designer, principal contractor and planning supervisor. | ||
| 650 | _aCONSTRUCTION (DESIGN AND MANAGEMENT) REGULATIONS 1994 | ||
| 650 | _aCONDAM REGULATIONS | ||
| 650 | _aCONSTRUCTION (DESIGN AND MANAGEMENT) REGULATIONS 1994 | ||
| 650 |
_aHEALTH AND SAFETY _96244 |
||
| 690 | _aBUILT ENVIRONMENT | ||
| 700 | _aCanham, Stephanie | ||
| 700 | _aMcLachlan, Andrew | ||
| 700 | _aTrigg, Roger | ||
| 700 | _aWinstone, Paul | ||
| 700 | _aMackenzie, Susan | ||
| 710 |
_aRoyal Institution of Chartered Surveyors _94900 |
||
| 710 |
_aCollege of Estate Management _9400 |
||
| 942 | _n0 | ||
| 948 | _c03/10/1997 | ||
| 999 |
_c85357 _d85357 |
||